000 01404nam a22003497a 4500
001 320
003 FISKH
005 20230322123758.0
008 230321b cb ||||| |||| 00| 0 eng d
020 _a9781405266147
040 _aDLC
_cDLC
_dDLC
_dFISKH
_beng
042 _alcac
050 0 0 _aPZ7.S6795
_bCar 2002
082 0 0 _a813.54
_221
100 1 _aSnicket, Lemony.
245 1 4 _aThe carnivorous carnival /
_cby Lemony Snicket ; illustrations by Brett Helquist.
260 _aNew York
_bHarperCollins,
_c2002
300 _a286 p. :
_bill. ;
_c19 cm.
490 1 _aA series of unfortunate events ;
_vv. 9
520 _aOn the run as suspected murderers, the unlucky Baudelaire orphans find themselves trapped in the Caligari Carnival, where they must masquerade as freaks in order to hide from the evil Count Olaf.
521 8 _a1120
_bLexile
650 1 _aOrphans
_vFiction.
650 1 _aBrothers and sisters
_vFiction.
650 1 _aCarnivals
_vFiction.
650 1 _aHumorous stories.
700 1 _aHelquist, Brett,
_eill.
800 1 _aSnicket, Lemony.
_tSeries of unfortunate events ;
_vbk. 9.
856 4 2 _3Publisher description
_uhttp://www.loc.gov/catdir/description/hc042/2002008337.html
856 4 2 _3Contributor biographical information
_uhttp://www.loc.gov/catdir/enhancements/fy0911/2002008337-b.html
906 _a7
_bcbc
_corignew
_d1
_eecip
_f20
_gy-gencatlg
942 _2lcc
_cBK
_n0
999 _c320
_d320